000 00322nam a22001337a 4500
008 180921b xxu||||| |||| 00| 0 eng d
020 _a0893520098
041 _aeng
080 _a610
100 _a3
101 _aSHM
245 _aOvarian Carinoma Etiology Diagnostic And Treatment
_cBarber.H.R.K
942 _2udc
_cBK
999 _c48163
_d48163